000 00769nam a2200205 a 4500
001 000044658
005 20201002045531.0
008 141215s2014 dr 000 0 spa d
020 _a9789945892963
040 _aDO-SdBNP
_bspa
_cBNPHU
082 _axxxx
_bxxxx
100 1 _aÁlvarez de los Santos, Rafael
_d1973-
_972675
245 1 3 _aLa sociedad de la nada /
_cRafael Álvarez de los Santos ; prólogo Félix A. Pineda.
260 _aSanto Domingo :
_bGraffiti Comunicaciones,
_c2014.
300 _a153 p. ;
_c24 cm.
500 _aIncluye referencias bibliográficas y notas al pie de las páginas
500 _aIncluye datos biográficos del autor en la solapa de la cubierta
504 _aBibliografía : p. 151-153
700 1 _aPineda, Félix A.
_epról.
_972676
999 _c44147
_d44147